[Event "XLV Open Internacional Barbera del Valles 2023"]
[Site "Barberà del Vallès"]
[Date "2023.07.04"]
[Round "1.1"]
[White "Grigoryan, Karen H."]
[Black "Glimbrant, Torbjorn"]
[Result "1-0"]
[BlackElo "2144"]
[WhiteElo "2621"]
[LiveChessVersion "1.4.8"]

1. e4 {[%clk 1:31:11]} e6 {[%clk 1:30:50]} 2. d4 {[%clk 1:31:11]} d5
{[%clk 1:31:21]} 3. Nc3 {[%clk 1:31:34]} Bb4 {[%clk 1:31:27]} 4. Nge2
{[%clk 1:32:22]} dxe4 {[%clk 1:31:27]} 5. a3 {[%clk 1:32:44]} Bxc3+
{[%clk 1:30:15]} 6. Nxc3 {[%clk 1:33:06]} Nc6 {[%clk 1:29:29]} 7. Bb5
{[%clk 1:33:06]} Nge7 {[%clk 1:28:15]} 8. Bg5 {[%clk 1:33:38]} f6
{[%clk 1:27:31]} 9. Be3 {[%clk 1:33:55]} O-O {[%clk 1:25:33]} 10. Qd2
{[%clk 1:33:38]} f5 {[%clk 1:25:33]} 11. O-O-O {[%clk 1:33:38]} a6
{[%clk 1:20:29]} 12. Bxc6 {[%clk 1:33:55]} Nxc6 {[%clk 1:10:38]} 13. f3
{[%clk 1:31:12]} exf3 {[%clk 1:10:38]} 14. gxf3 {[%clk 1:27:47]} e5
{[%clk 1:09:55]} 15. d5 {[%clk 1:26:49]} Ne7 {[%clk 1:04:42]} 16. f4
{[%clk 1:26:49]} Ng6 {[%clk 1:02:01]} 17. fxe5 {[%clk 1:26:47]} Nxe5
{[%clk 1:00:37]} 18. Bf4 {[%clk 1:19:24]} Ng6 {[%clk 0:49:59]} 19. d6
{[%clk 1:15:56]} cxd6 {[%clk 0:47:25]} 20. Bxd6 {[%clk 1:15:19]} Re8
{[%clk 0:20:04]} 21. h4 {[%clk 1:15:25]} Be6 {[%clk 0:20:00]} 22. h5
{[%clk 1:14:59]} Ne7 {[%clk 0:20:00]} 23. Rhg1 1-0

[Event "XLV Open Internacional Barbera del Valles 2023"]
[Site "Barberà del Vallès"]
[Date "2023.07.04"]
[Round "1.2"]
[White "Sanchez Aguilar, Arnau"]
[Black "Stremavicius, Titas"]
[Result "0-1"]
[BlackElo "2549"]
[WhiteElo "2137"]
[LiveChessVersion "1.4.8"]

1. e4 {[%clk 1:30:57]} c6 {[%clk 1:29:50]} 2. d4 {[%clk 1:30:25]} d5
{[%clk 1:30:11]} 3. e5 {[%clk 1:30:17]} c5 {[%clk 1:30:29]} 4. dxc5
{[%clk 1:29:48]} e6 {[%clk 1:30:53]} 5. Bd3 {[%clk 1:28:23]} Nc6 {[%clk 1:28:23]}
6. Nf3 {[%clk 1:28:16]} Bxc5 {[%clk 1:28:42]} 7. a3 {[%clk 1:28:04]} f6
{[%clk 1:27:51]} 8. b4 {[%clk 1:25:24]} Be7 {[%clk 1:28:14]} 9. Bb2
{[%clk 1:23:08]} Nh6 {[%clk 1:28:29]} 10. O-O {[%clk 1:21:36]} Nf7
{[%clk 1:24:56]} 11. b5 {[%clk 1:16:19]} Ncxe5 {[%clk 1:22:48]} 12. Nxe5
{[%clk 1:16:45]} fxe5 {[%clk 1:23:00]} 13. Qh5 {[%clk 1:16:39]} Bf6
{[%clk 1:16:26]} 14. Bxh7 {[%clk 1:07:44]} e4 {[%clk 1:15:28]} 15. Bxf6
{[%clk 1:02:22]} Qxf6 {[%clk 1:15:46]} 16. Nd2 {[%clk 1:02:42]} g6
{[%clk 1:14:49]} 17. Qxg6 {[%clk 0:54:05]} Qh4 {[%clk 1:15:10]} 18. Nxe4
{[%clk 0:52:48]} dxe4 {[%clk 1:14:30]} 19. Qxe4 {[%clk 0:53:08]} Rxh7
{[%clk 1:14:39]} 20. Rfe1 {[%clk 0:53:01]} Qxh2+ {[%clk 1:04:42]} 21. Kf1
{[%clk 0:52:49]} Rg7 {[%clk 1:03:32]} 22. f4 {[%clk 0:50:53]} Rg4
{[%clk 1:03:29]} 0-1

[Event "XLV Open Internacional Barbera del Valles 2023"]
[Site "Barberà del Vallès"]
[Date "2023.07.04"]
[Round "1.3"]
[White "Asis Gargatagli, Hipolito"]
[Black "Alves Garcia, Eric"]
[Result "1-0"]
[BlackElo "2137"]
[WhiteElo "2530"]
[LiveChessVersion "1.4.8"]

1. e4 {[%clk 1:30:53]} e6 {[%clk 1:31:02]} 2. d4 {[%clk 1:30:55]} d5
{[%clk 1:30:56]} 3. Nd2 {[%clk 1:30:17]} Nc6 {[%clk 1:31:19]} 4. Ngf3
{[%clk 1:29:21]} Nf6 {[%clk 1:30:53]} 5. e5 {[%clk 1:27:36]} Nd7 {[%clk 1:25:10]}
6. Bd3 {[%clk 1:27:45]} Nb4 {[%clk 1:25:10]} 7. Be2 f6 {[%clk 1:25:32]} 8. exf6
{[%clk 1:15:48]} Qxf6 {[%clk 1:25:30]} 9. c3 {[%clk 1:08:41]} Nc6
{[%clk 1:22:22]} 10. Nf1 {[%clk 1:07:04]} Bd6 {[%clk 1:12:10]} 11. Ne3
{[%clk 1:05:18]} O-O {[%clk 1:05:10]} 12. O-O {[%clk 0:44:53]} Qd8
{[%clk 1:01:14]} 13. Ng4 {[%clk 0:37:44]} Nf6 {[%clk 0:51:58]} 14. Nge5
{[%clk 0:34:06]} Nd7 {[%clk 0:52:21]} 15. Nxc6 {[%clk 0:34:16]} bxc6
{[%clk 0:40:57]} 16. Bd3 {[%clk 0:29:09]} Qf6 {[%clk 0:40:56]} 17. Bg5
{[%clk 0:29:31]} Qf7 18. Bh4 {[%clk 0:29:47]} Qh5 {[%clk 0:39:39]} 19. Bg3
{[%clk 0:24:38]} c5 {[%clk 0:14:09]} 20. Re1 cxd4 21. Nxd4 {[%clk 0:14:43]} Qxd1
{[%clk 0:14:31]} 22. Raxd1 {[%clk 0:15:01]} Nc5 {[%clk 0:09:23]} 23. Bc2
{[%clk 0:13:02]} Re8 {[%clk 0:08:08]} 24. b4 {[%clk 0:13:17]} Bxg3
{[%clk 0:08:19]} 25. hxg3 {[%clk 0:12:15]} Nb7 {[%clk 0:08:43]} 26. Ba4
{[%clk 0:12:10]} Re7 {[%clk 0:07:59]} 27. Bc6 {[%clk 0:07:04]} Kf7
{[%clk 0:05:50]} 28. Re3 {[%clk 0:07:14]} Rb8 {[%clk 0:03:10]} 29. Rde1
{[%clk 0:06:58]} Nd8 {[%clk 0:03:12]} 30. Bxd5 Bd7 {[%clk 0:03:18]} 31. Bb3
{[%clk 0:05:17]} Rb6 {[%clk 0:02:27]} 32. Nf3 {[%clk 0:04:41]} Rd6
{[%clk 0:02:36]} 33. Ng5+ {[%clk 0:04:06]} Kg6 {[%clk 0:02:22]} 34. Ne4
{[%clk 0:03:43]} Rb6 {[%clk 0:00:59]} 35. Bc2 {[%clk 0:03:34]} Kh6
{[%clk 0:01:06]} 36. g4 {[%clk 0:03:20]} g6 {[%clk 0:00:46]} 37. Nf6
{[%clk 0:02:49]} Rf7 {[%clk 0:00:53]} 38. Rh3+ {[%clk 0:02:55]} Kg7
{[%clk 0:00:31]} 39. g5 {[%clk 0:03:03]} h5 {[%clk 0:00:31]} 40. gxh6+
{[%clk 0:03:24]} Kxf6 {[%clk 0:01:10]} 41. h7 Rxh7 {[%clk 0:01:32]} 42. Rxh7
{[%clk 0:03:49]} Nf7 43. Re3 {[%clk 0:02:55]} Bc6 {[%clk 0:01:30]} 44. Rg3
{[%clk 0:03:04]} g5 {[%clk 0:00:31]} 45. f4 {[%clk 0:01:39]} Nd6 {[%clk 0:01:00]}
46. fxg5+ Ke5 47. g6 Ne4 48. g7 1-0

[Event "XLV Open Internacional Barbera del Valles 2023"]
[Site "Barberà del Vallès"]
[Date "2023.07.04"]
[Round "1.4"]
[White "Deshmukh, Anup"]
[Black "Cuartas, Jaime Alexander"]
[Result "1-0"]
[BlackElo "2526"]
[WhiteElo "2121"]
[LiveChessVersion "1.4.8"]

1. c4 c5 2. Nc3 Nc6 3. g3 h5 4. Bg2 h4 5. g4 d6 6. h3 e5 7. e3 g6 8. Nge2 Bg7 9.
a3 Nge7 10. b4 O-O 11. b5 Na5 12. d3 f5 13. gxf5 gxf5 14. Rg1 Be6 15. Bb2 Rf6 16.
Nd5 Nxd5 17. Bxd5 Bxd5 18. cxd5 b6 19. Qa4 Rf7 20. f4 Qe7 21. Rg6 Re8 22. Kf2 Rf6
23. Rg2 Rf7 24. Rag1 c4 25. fxe5 dxe5 26. d4 Kh7 27. Qb4 exd4 28. Qxe7 Rexe7 29.
Bxd4 Nb7 30. Nf4 Bxd4 31. exd4 Nd6 32. Ne6 Ne4+ 33. Kf3 c3 34. Kf4 Kh6 35. Rg8
Ng3 36. Rg2 Rd7 37. Rh8+ Rh7 38. Rc8 Rxd5 39. Rxc3 Re7 40. Rc6 Kh7 41. a4 Ne4 42.
Rgc2 Kg8 43. Rc8+ Kf7 44. Nd8+ Kf6 45. Nc6 Rg7 46. Rf8+ Ke6 47. Rh8 Kd7 48. Re2
Kc7 49. Ne5 Rd6 50. Nc6 Rg1 51. Rc2 Re1 1-0

[Event "XLV Open Internacional Barbera del Valles 2023"]
[Site "Barberà del Vallès"]
[Date "2023.07.04"]
[Round "1.5"]
[White "Solodovnichenko, Yuri"]
[Black "Suvradeepta, Das"]
[Result "1/2-1/2"]
[BlackElo "2110"]
[WhiteElo "2520"]
[LiveChessVersion "1.4.8"]

1. e4 c6 {[%clk 1:30:54]} 2. d4 {[%clk 1:28:56]} d5 {[%clk 1:31:18]} 3. Nc3
{[%clk 1:28:38]} dxe4 {[%clk 1:31:40]} 4. Nxe4 {[%clk 1:29:03]} Bf5
{[%clk 1:32:04]} 5. Ng3 {[%clk 1:29:29]} Bg6 {[%clk 1:32:29]} 6. h4
{[%clk 1:29:57]} h6 {[%clk 1:32:53]} 7. Nf3 {[%clk 1:30:25]} Nd7 {[%clk 1:33:16]}
8. h5 {[%clk 1:30:50]} Bh7 {[%clk 1:33:43]} 9. Bd3 {[%clk 1:31:17]} Bxd3
{[%clk 1:34:00]} 10. Qxd3 {[%clk 1:31:44]} e6 {[%clk 1:34:19]} 11. Bd2
{[%clk 1:32:09]} Ngf6 {[%clk 1:34:44]} 12. O-O-O {[%clk 1:32:33]} Be7
{[%clk 1:35:08]} 13. Kb1 {[%clk 1:21:37]} c5 {[%clk 1:31:34]} 14. Qe2
{[%clk 1:21:33]} cxd4 {[%clk 1:30:46]} 15. Nxd4 {[%clk 1:00:08]} O-O
{[%clk 1:15:19]} 16. Be3 {[%clk 0:37:58]} Kh8 {[%clk 1:10:10]} 17. Nf1
{[%clk 0:34:29]} Nd5 {[%clk 0:58:57]} 18. Rh3 {[%clk 0:29:04]} Bf6
{[%clk 0:30:39]} 19. Bc1 {[%clk 0:24:29]} Qa5 20. c4 {[%clk 0:23:33]} N5b6
{[%clk 0:26:30]} 21. Nb5 {[%clk 0:21:25]} Qb4 {[%clk 0:23:12]} 22. b3
{[%clk 0:18:56]} Qc5 23. Rhd3 Qe5 {[%clk 0:14:54]} 24. Qxe5 {[%clk 0:19:13]} Nxe5
{[%clk 0:13:47]} 25. R3d2 {[%clk 0:15:39]} Kg8 {[%clk 0:12:29]} 26. Ba3 Rfc8 27.
Nd6 {[%clk 0:13:39]} Rc7 {[%clk 0:12:57]} 28. Ne4 Be7 {[%clk 0:12:09]} 29. Bxe7
{[%clk 0:13:50]} Rxe7 {[%clk 0:09:23]} 30. Ne3 {[%clk 0:11:42]} f5
{[%clk 0:08:51]} 31. Nc5 {[%clk 0:11:46]} Rc8 32. Rd8+ Rxd8 {[%clk 0:07:34]} 33.
Rxd8+ {[%clk 0:12:14]} Kf7 {[%clk 0:05:54]} 34. f4 Nc6 {[%clk 0:05:54]} 35. Rh8
{[%clk 0:12:14]} Rc7 {[%clk 0:05:21]} 36. g4 {[%clk 0:08:48]} Ne7 37. Rf8+
{[%clk 0:09:16]} Kxf8 {[%clk 0:05:31]} 38. Nxe6+ {[%clk 0:09:42]} Kf7
{[%clk 0:05:58]} 39. Nxc7 {[%clk 0:07:18]} g6 {[%clk 0:02:14]} 40. gxf5
{[%clk 0:06:54]} gxh5 {[%clk 0:01:43]} 41. Nb5 {[%clk 0:06:59]} Nbc8
{[%clk 0:01:31]} 42. c5 {[%clk 0:05:23]} h4 {[%clk 0:01:02]} 43. Nd4
{[%clk 0:05:25]} h3 {[%clk 0:01:15]} 44. Ng4 {[%clk 0:05:47]} h5 {[%clk 0:01:04]}
45. Nf2 {[%clk 0:03:39]} h2 {[%clk 0:01:28]} 46. Kc2 Nd5 47. Nf3 {[%clk 0:01:33]}
Nxf4 {[%clk 0:01:33]} 48. Nxh2 {[%clk 0:01:55]} Kf6 {[%clk 0:02:03]} 1/2-1/2

[Event "XLV Open Internacional Barbera del Valles 2023"]
[Site "Barberà del Vallès"]
[Date "2023.07.04"]
[Round "1.6"]
[White "Asensio Linan, Teodoro"]
[Black "Alsina Leal, Daniel"]
[Result "0-1"]
[BlackElo "2519"]
[WhiteElo "2102"]
[LiveChessVersion "1.4.8"]

1. e4 e6 2. d4 d5 3. e5 c5 4. Qg4 cxd4 5. Nf3 Nc6 6. Bd3 h5 7. Qf4 f6 8. Bg6+ Kd7
9. O-O fxe5 10. Nxe5+ Nxe5 11. Qxe5 Qf6 12. Qxf6 gxf6 13. Bd3 Bd6 14. c4 Ne7 15.
Nd2 b6 16. cxd5 Nxd5 17. Bb5+ Kc7 18. Nf3 e5 19. Bd2 Bb7 20. Rac1+ Kd8 21. Nh4
Ne7 22. Rfd1 Rc8 23. a4 a6 24. Bc4 Kd7 25. Be1 a5 26. f4 Bd5 27. Bb5+ Bc6 28.
fxe5 fxe5 29. Bxc6+ Rxc6 30. Nf3 Rhc8 31. Rxc6 Kxc6 32. Bh4 Ng6 33. Rc1+ Bc5 34.
Bf2 Kd5 35. Kf1 d3 36. Nd2 Rf8 37. Nf3 e4 38. Rd1 Ne5 0-1

[Event "XLV Open Internacional Barbera del Valles 2023"]
[Site "Barberà del Vallès"]
[Date "2023.07.04"]
[Round "1.7"]
[White "Berdayes Ason, Dylan Isidro"]
[Black "Leslie, Alex"]
[Result "1-0"]
[BlackElo "2088"]
[WhiteElo "2509"]
[LiveChessVersion "1.4.8"]

1. e4 c6 2. d4 d5 3. e5 c5 4. c3 Nc6 5. Be2 cxd4 6. cxd4 Bf5 7. Nf3 e6 8. O-O
Nge7 9. Nc3 Bg4 10. Nh4 Bxe2 11. Nxe2 Ng6 12. Nf3 Be7 13. g3 Qb6 14. h4 h6 15.
Be3 O-O-O 16. Rb1 Kb8 17. Nc3 Na5 18. h5 Nf8 19. Nd2 Nd7 20. b4 Nc6 21. Na4 Qb5
22. Nc5 Bxc5 23. a4 Qb6 24. bxc5 Qc7 25. Qg4 Rhg8 26. Rb5 Rde8 27. Rfb1 Ka8 28.
Rxb7 Qxb7 29. Rxb7 Kxb7 30. Nb1 Kc7 31. Nc3 a6 32. Qf4 Re7 33. Qf3 Ndb8 34. Qg4
Ree8 35. Bd2 Nd7 36. Kg2 Rb8 37. Qf4 Rbf8 38. Nxd5+ exd5 39. e6+ Nde5 40. e7 Re8
41. dxe5 Rxe7 42. e6+ Kb7 43. exf7 Rf8 44. Qf3 Rfxf7 45. Qxd5 Rf6 46. Bf4 a5 47.
Qc4 Kc8 48. Qa6+ Kd7 49. Qb7+ Ke8 50. Qc8+ Kf7 51. Bd6 Na7 52. Qa8 Rd7 53. Qf8+
Ke6 54. Qe8+ Kd5 1-0

[Event "XLV Open Internacional Barbera del Valles 2023"]
[Site "Barberà del Vallès"]
[Date "2023.07.04"]
[Round "1.8"]
[White "Vedant, Nitin Vekhande"]
[Black "Escalante Ramirez, Brian Sebasti"]
[Result "1-0"]
[BlackElo "2488"]
[WhiteElo "2087"]
[LiveChessVersion "1.4.8"]

1. e4 {[%clk 1:30:55]} e6 {[%clk 1:30:47]} 2. d3 {[%clk 1:31:09]} d5 3. Nd2
{[%clk 1:31:34]} Nf6 {[%clk 1:31:32]} 4. g3 dxe4 {[%clk 1:31:00]} 5. dxe4
{[%clk 1:32:17]} Nc6 {[%clk 1:30:56]} 6. Bg2 {[%clk 1:32:42]} Bc5 7. Ngf3
{[%clk 1:32:59]} e5 {[%clk 1:30:32]} 8. O-O {[%clk 1:32:15]} O-O {[%clk 1:30:01]}
9. c3 {[%clk 1:31:46]} a5 {[%clk 1:24:27]} 10. Qc2 Qe7 {[%clk 1:24:55]} 11. Nc4
{[%clk 1:24:49]} Rd8 {[%clk 1:18:24]} 12. Be3 Be6 {[%clk 1:18:52]} 13. Bxc5
{[%clk 1:22:09]} Qxc5 {[%clk 1:14:50]} 14. Ne3 {[%clk 1:08:03]} a4
{[%clk 1:05:27]} 15. b3 {[%clk 1:07:11]} Ng4 16. Nd5 Bxd5 {[%clk 0:50:43]} 17.
exd5 {[%clk 1:06:19]} Qxd5 {[%clk 0:45:28]} 18. Nd4 Nxd4 {[%clk 0:45:55]} 19.
cxd4 {[%clk 1:06:27]} Qxd4 {[%clk 0:33:01]} 20. Bxb7 {[%clk 0:59:47]} axb3 21.
Qxb3 Nxf2 {[%clk 0:31:02]} 22. Bxa8 {[%clk 0:59:05]} Rxa8 {[%clk 0:31:27]} 23.
Qf3 {[%clk 0:54:20]} Nd3+ {[%clk 0:31:54]} 24. Kh1 {[%clk 0:52:32]} Rf8
{[%clk 0:24:52]} 25. a4 {[%clk 0:37:58]} e4 26. Qe2 c5 {[%clk 0:11:09]} 27. a5
{[%clk 0:36:57]} g6 {[%clk 0:10:22]} 28. a6 {[%clk 0:36:46]} c4 29. a7
{[%clk 0:29:31]} Ra8 {[%clk 0:09:36]} 30. Kg2 f5 {[%clk 0:04:12]} 31. Qa2
{[%clk 0:26:02]} e3 32. Rfb1 Qe4+ {[%clk 0:02:56]} 33. Kg1 {[%clk 0:17:33]} Nf2
{[%clk 0:02:34]} 34. Rb8+ {[%clk 0:17:32]} Kg7 {[%clk 0:02:57]} 35. Kf1
{[%clk 0:08:58]} Ng4 {[%clk 0:00:51]} 36. Rxa8 Qxa8 {[%clk 0:01:20]} 37. Kg1
{[%clk 0:07:05]} Nf2 {[%clk 0:01:47]} 38. Kf1 {[%clk 0:06:32]} Ng4
{[%clk 0:01:13]} 39. Kg1 {[%clk 0:06:58]} Nf2 {[%clk 0:00:32]} 40. Kf1
{[%clk 0:07:17]} Ng4 {[%clk 0:00:36]} 41. Kg1 {[%clk 0:07:24]} Nf2
{[%clk 0:00:35]} 42. Kf1 {[%clk 0:05:30]} Kh6 {[%clk 0:00:31]} 43. Qxc4
{[%clk 0:04:13]} Ng4 {[%clk 0:00:32]} 44. Kg1 g5 45. Qe6+ {[%clk 0:03:52]} Kh5
{[%clk 0:01:01]} 46. Qf7+ {[%clk 0:04:08]} Kh6 {[%clk 0:01:27]} 47. Ra6+
{[%clk 0:04:31]} 1-0

[Event "XLV Open Internacional Barbera del Valles 2023"]
[Site "Barberà del Vallès"]
[Date "2023.07.04"]
[Round "1.9"]
[White "Kovchan, Alexander"]
[Black "Fernandez Climent, Albert"]
[Result "1/2-1/2"]
[BlackElo "2079"]
[WhiteElo "2468"]
[LiveChessVersion "1.4.8"]

1. e4 {[%clk 1:30:57]} e6 2. d4 {[%clk 1:31:19]} d5 {[%clk 1:30:49]} 3. Nd2
{[%clk 1:30:08]} Be7 {[%clk 1:30:13]} 4. Ngf3 Nf6 {[%clk 1:30:31]} 5. e5
{[%clk 1:30:12]} Nfd7 6. Bd3 {[%clk 1:30:23]} c5 {[%clk 1:30:52]} 7. c3
{[%clk 1:30:43]} Nc6 {[%clk 1:31:14]} 8. O-O {[%clk 1:31:24]} g5 {[%clk 1:30:42]}
9. dxc5 {[%clk 1:30:25]} g4 {[%clk 1:30:36]} 10. Nd4 {[%clk 1:29:49]} Ndxe5
{[%clk 1:30:48]} 11. Bb5 {[%clk 1:29:14]} Bd7 {[%clk 1:26:46]} 12. Bxc6
{[%clk 1:27:44]} bxc6 {[%clk 1:22:39]} 13. f4 {[%clk 1:26:36]} Ng6
{[%clk 1:20:15]} 14. N2b3 {[%clk 1:26:00]} f5 {[%clk 1:19:11]} 15. Qe2
{[%clk 1:25:09]} Kf7 {[%clk 1:08:34]} 16. c4 {[%clk 1:23:55]} Re8
{[%clk 1:02:39]} 17. Bd2 {[%clk 1:11:03]} Bf6 {[%clk 1:01:05]} 18. Qd3
{[%clk 1:07:28]} Qc8 {[%clk 0:38:27]} 19. Bc3 {[%clk 1:06:51]} Qa6
{[%clk 0:36:21]} 20. Nd2 {[%clk 0:56:48]} Ne7 {[%clk 0:35:33]} 21. Rae1
{[%clk 0:56:08]} Ng8 {[%clk 0:34:02]} 22. Re3 {[%clk 0:51:18]} Rad8
{[%clk 0:31:49]} 23. b4 {[%clk 0:49:48]} Qc8 {[%clk 0:26:59]} 24. Rfe1
{[%clk 0:30:59]} Bg7 25. Qc2 {[%clk 0:31:28]} Nf6 {[%clk 0:19:14]} 26. Qb2
{[%clk 0:30:14]} Kg6 {[%clk 0:15:07]} 27. N4b3 {[%clk 0:28:40]} Qa6
{[%clk 0:12:58]} 28. Be5 {[%clk 0:27:46]} Bh8 {[%clk 0:10:05]} 29. Nc1
{[%clk 0:26:33]} Bc8 {[%clk 0:09:49]} 30. Ra3 {[%clk 0:26:28]} Qb7
{[%clk 0:04:56]} 31. Nd3 {[%clk 0:26:50]} h5 {[%clk 0:02:48]} 32. Bd4 Qc7
{[%clk 0:03:16]} 33. Ne5+ {[%clk 0:26:05]} Kh7 {[%clk 0:00:39]} 34. b5 dxc4
{[%clk 0:01:03]} 35. b6 {[%clk 0:19:59]} axb6 36. cxb6 Qd6 {[%clk 0:01:23]} 37.
Ra7+ {[%clk 0:20:44]} Kg8 {[%clk 0:01:37]} 38. Be3 {[%clk 0:20:29]} c3
{[%clk 0:02:02]} 39. Qxc3 {[%clk 0:14:21]} Nd5 40. Ndc4 {[%clk 0:14:49]} Nxc3
{[%clk 0:01:24]} 41. Nxd6 {[%clk 0:14:23]} Rxd6 {[%clk 0:02:10]} 42. b7
{[%clk 0:14:47]} Bxb7 {[%clk 0:02:13]} 43. Rxb7 {[%clk 0:15:09]} Bxe5
{[%clk 0:02:35]} 44. fxe5 {[%clk 0:12:31]} Rd5 {[%clk 0:00:44]} 45. Bh6
{[%clk 0:11:36]} Rd4 {[%clk 0:01:09]} 46. Rg7+ {[%clk 0:12:04]} Kh8
{[%clk 0:00:53]} 47. Rc7 {[%clk 0:12:28]} Rc4 {[%clk 0:00:51]} 48. a3
{[%clk 0:11:10]} Nd5 {[%clk 0:00:52]} 49. Rb7 {[%clk 0:07:03]} Ra8
{[%clk 0:00:53]} 50. Ra1 {[%clk 0:06:24]} Rca4 {[%clk 0:00:55]} 51. Bc1
{[%clk 0:06:16]} c5 {[%clk 0:00:39]} 52. Rab1 c4 {[%clk 0:01:06]} 53. Kf2
{[%clk 0:05:38]} R4a7 {[%clk 0:01:20]} 54. g3 {[%clk 0:04:15]} Kg8
{[%clk 0:01:27]} 55. Ke1 {[%clk 0:03:46]} Kf8 {[%clk 0:01:46]} 56. Kd2
{[%clk 0:03:46]} Ke8 57. Kc2 {[%clk 0:04:03]} Kd8 {[%clk 0:02:06]} 58. Rxa7
{[%clk 0:04:52]} Rxa7 {[%clk 0:02:28]} 59. Rb8+ {[%clk 0:05:19]} Kc7
{[%clk 0:02:05]} 60. Rh8 {[%clk 0:05:42]} Kc6 {[%clk 0:02:00]} 61. Rxh5 Kc5
{[%clk 0:02:42]} 62. Rh6 {[%clk 0:05:11]} Ra6 63. h3 {[%clk 0:05:42]} gxh3
{[%clk 0:03:01]} 64. Rxh3 {[%clk 0:06:04]} Kd4 {[%clk 0:03:17]} 65. Rh4+
{[%clk 0:06:31]} Kxe5 {[%clk 0:03:31]} 66. Rxc4 Kd6 1/2-1/2

[Event "XLV Open Internacional Barbera del Valles 2023"]
[Site "Barberà del Vallès"]
[Date "2023.07.04"]
[Round "1.10"]
[White "Dhruva, Thota"]
[Black "Sturt, Raven"]
[Result "0-1"]
[BlackElo "2461"]
[WhiteElo "2079"]
[LiveChessVersion "1.4.8"]

1. e4 {[%clk 1:30:40]} c6 {[%clk 1:31:20]} 2. d4 d5 {[%clk 1:31:45]} 3. e5
{[%clk 1:30:12]} Bf5 {[%clk 1:32:06]} 4. h4 {[%clk 1:29:40]} h5 {[%clk 1:32:29]}
5. Bd3 {[%clk 1:29:49]} Bxd3 {[%clk 1:32:55]} 6. Qxd3 {[%clk 1:30:10]} e6 7. Nf3
Qa5+ {[%clk 1:33:16]} 8. Nbd2 {[%clk 1:30:34]} Qa6 {[%clk 1:33:13]} 9. c4
{[%clk 1:30:32]} Nh6 {[%clk 1:33:29]} 10. O-O {[%clk 1:29:25]} Nf5
{[%clk 1:31:36]} 11. b3 {[%clk 1:29:13]} Be7 {[%clk 1:30:00]} 12. a4
{[%clk 1:29:35]} O-O {[%clk 1:23:47]} 13. Ba3 {[%clk 1:29:28]} Bxa3
{[%clk 1:24:09]} 14. Rxa3 {[%clk 1:21:18]} Rd8 {[%clk 1:10:26]} 15. Qc3
{[%clk 1:12:52]} Nd7 {[%clk 1:02:57]} 16. c5 {[%clk 1:10:56]} b6 {[%clk 0:55:51]}
17. b4 {[%clk 1:07:08]} bxc5 {[%clk 0:55:32]} 18. bxc5 {[%clk 1:03:47]} Rab8
{[%clk 0:55:25]} 19. Nb3 {[%clk 0:55:19]} Nf8 {[%clk 0:52:47]} 20. Na5
{[%clk 0:55:19]} Ng6 {[%clk 0:53:08]} 21. g3 {[%clk 0:52:52]} Nge7
{[%clk 0:52:58]} 22. Raa1 {[%clk 0:51:37]} Nh6 {[%clk 0:52:23]} 23. Qd2
{[%clk 0:50:24]} Nef5 {[%clk 0:51:42]} 24. Rab1 {[%clk 0:46:36]} Ng4
{[%clk 0:51:16]} 25. Rfe1 {[%clk 0:38:02]} Re8 {[%clk 0:46:29]} 26. Kg2
{[%clk 0:20:46]} Rf8 {[%clk 0:46:54]} 27. Rxb8 {[%clk 0:19:39]} Rxb8
{[%clk 0:44:56]} 28. Qc3 {[%clk 0:17:16]} Kf8 {[%clk 0:44:30]} 29. Qd2
{[%clk 0:16:08]} Ke8 {[%clk 0:43:48]} 30. Qc3 {[%clk 0:15:05]} Kd7
{[%clk 0:43:31]} 31. Qd2 {[%clk 0:12:39]} f6 {[%clk 0:43:55]} 32. exf6
{[%clk 0:09:50]} gxf6 {[%clk 0:37:05]} 33. Qc3 {[%clk 0:06:11]} Qc8
{[%clk 0:31:18]} 34. Nh2 {[%clk 0:00:55]} Qg8 {[%clk 0:31:18]} 35. Nf1 Nxh4+ 36.
gxh4 {[%clk 0:00:44]} Ne3+ {[%clk 0:30:42]} 37. Kf3 Nxf1 {[%clk 0:31:33]} 38.
Rxf1 {[%clk 0:00:37]} Qg4+ {[%clk 0:31:59]} 39. Ke3 {[%clk 0:00:34]} Qh3+
{[%clk 0:32:23]} 40. Kd2 Qxf1 0-1